000 00897nam a22002417a 4500
005 2010121306046.0
008 101213t xxu||||| |||| 00| 0 eng d
010 _aENG-101785
020 _c895.00
_a9788120342033
035 _aEN-85318
037 _bDBAD / PUB
040 _adpl
_bEng
082 _a005.7565
100 _aConrad, Jeff
_924733
245 1 _aMicrosoft Access 2010 inside out /
_cby Jeff Conrad [and] John L. Viescas
260 _aNew Delhi
_bPrentice-Hall of India
_c2011
270 _aM-97, Connaught Circus,
_bNew Delhi
_e110 001
300 _axxxix, 1440p. :
_c24cm (pbk)
_bill.
_eCD-ROM
500 _aIncludes index
700 _aViescas, John l.
_924734
942 _adpl
_cEN
_2ddc
_h005.7565
_mCON
999 _c49091
_d49091